| 000 | 00779cab a22001935a 4500 | ||
|---|---|---|---|
| 001 | L148972 | ||
| 008 | 091209s2009 xxkdo f s 000 0 eng d | ||
| 035 | _a(Sirsi) u148972 | ||
| 041 | 0 | _aeng | |
| 100 | 1 | _aPaice, Catherine | |
| 245 | 0 | 0 | _aRobust market will recover |
| 260 | _c2009 | ||
| 490 |
_aFarmland Market _v(72) Autumn 2009, 6-7(2) |
||
| 520 | _aReviews the UK farmland values for the first half of 2009. Reports that farmland market is improving. Demand for farmland is still strong as lending for land purchase is considered secure by banks. Forecasts that the agricultural market will remain strong. | ||
| 590 | _aKA | ||
| 651 | 4 |
_aUnited Kingdom _y |
|
| 690 | _aPROPERTY-RURAL AND NATURAL ASSETS-AGRICULTURAL PROPERTY-AGRICULTURAL PROPERTY MARKET | ||
| 942 | _n0 | ||
| 999 |
_c82015 _d82015 |
||